ბათუმის შოთა რუსთაველის სახელმწიფო უნივერსიტეტის ბიბლიოთეკა

მკერდში დაჭრილი ბუნება (ბიბ.ჩანაწერი № 45009)

000 -LEADER
fixed length control field 00675nam a2200205Ia 4500
001 - CONTROL NUMBER
control field 11830
003 - CONTROL NUMBER IDENTIFIER
control field GE_BSU
008 - FIXED-LENGTH DATA ELEMENTS--GENERAL INFORMATION
fixed length control field 181216s||||||||xx |||||||||||||| ||und||
040 ## - CATALOGING SOURCE
Transcribing agency GE_BSU
080 ## - UNIVERSAL DECIMAL CLASSIFICATION NUMBER
Universal Decimal Classification number 502.1(479.22)
100 ## - MAIN ENTRY--PERSONAL NAME
Personal name კეცხოველი,ნ.
245 ## - TITLE STATEMENT
Title მკერდში დაჭრილი ბუნება
245 ## - TITLE STATEMENT
Statement of responsibility, etc. მხატვ.ი.კლიმიაშვილი
260 ## - PUBLICATION, DISTRIBUTION, ETC.
Place of publication, distribution, etc. თბილისი
260 ## - PUBLICATION, DISTRIBUTION, ETC.
Name of publisher, distributor, etc. თბილისის უნ–ტის გამ–ბა
260 ## - PUBLICATION, DISTRIBUTION, ETC.
Date of publication, distribution, etc. 1973
300 ## - PHYSICAL DESCRIPTION
Extent 123გვ.26სმ.ილ.
653 ## - INDEX TERM--UNCONTROLLED
Uncontrolled term მკერდში დაჭრილი ბუნება
942 ## - ADDED ENTRY ELEMENTS (KOHA)
Koha item type წიგნი
ეგზემპლარები
Withdrawn status Lost status Damaged status Not for loan Date acquired Barcode Date last seen Price effective from Koha item type
        2018-12-17 20389 2018-12-17 2018-12-17 წიგნი
        2018-12-17 20390 2018-12-17 2018-12-17 წიგნი